• 首页
  • 本馆介绍
  • 公告通知
  • 最新文献
  • 馆藏检索
  • 电子资源
  • 读者导购
  • 参考咨询
  • 我的图书馆
  • 登录
  • 详细信息显示
  • 放入我的书架
  • 预约/预借图书
  • 作者相关作品
  • 分类相关作品
  • 丛书相关作品
  • 出版社相关作品

书目信息

  • 表格格式
  • 工作单格式
  • 卡片格式
题名:
机械振动学
    
 
作者: 井町勇 编著 ;尹传家 , 黄怀德 译
分册:  
出版信息: 北京   科学出版社  1979
页数: 468页
开本: 19cm
丛书名:
单 册:
中图分类: TH113.1 , TH113
科图分类:
主题词: 机械振动-动力学 , 动力学-机械振动 , 机械学:动力学
电子资源:
ISBN:
000 00772nam0 2200289 45
001 0179005373
005 20040524151858.9
010    @dCNY1.55
091    @a15031.204
100    @a19950731d1979 em y0chiy0121 ea
101 1  @achi@cjpn
102    @aCN@b110000
105    @ay z 000yy
106    @ar
200 10 @a机械振动学@Aji xie zhen dong xue@f(日)井町勇编著@g尹传家,黄怀德译
210    @a北京@c科学出版社@d1979
215    @a468页@d19cm
606    @a机械振动-动力学
606    @a动力学-机械振动
606 0  @a机械学:动力学
690    @aTH113.1@v3
690    @aTH113
701  0 @a井町勇@Ajing ding yong@4编著
702  0 @a尹传家@Ayin chuan jia@4译
702  0 @a黄怀德@Ahuang huai de@4译
801  0 @aCN@bNLC@c20040524
905    @f1@b49853@dTH113@e9
    
    机械振动学/(日)井町勇编著/尹传家,黄怀德译.-北京:科学出版社,1979
    468页;19cm
    
    
    ISBN :CNY1.55
    
●
相关链接 在E读中查询图书 在五车中查询图书 在当当中查询图书 在豆瓣中查询图书


正题名:机械振动学     索取号:TH113/9         预约/预借

序号 登录号 条形码 馆藏地/架位号 状态 备注
1 0049853   001364286   第二样本阅览室/ [索取号:TH113/9] 在馆    
唐山师范学院图书馆 欢迎您!
大连网信软件有限公司© 版权所有